000 00445nam a2200157Ia 4500
008 230312s9999||||xx |||||||||||||| ||und||
020 _a81-317-0845-4
082 _a621.381535
_bSTA-O
100 _aStanley,William.D
245 0 _aOperation Amplifiers with Linear Integrated Circuits
260 _bPearson Education
_aIndia
_c2007
300 _a674
546 _aEng.
650 _aEngineering
_vLinear operationalAmplifierCircuits
942 _cBK
999 _c6230
_d6230